000 00293nam a22001337a 4500
008 170512b xxu||||| |||| 00| 0 eng d
020 _a9780870120411
041 _aeng
080 _a94
100 _a16
101 _aSHH
245 _aBLOODLETTING IN APPALACHIA
_cLEE, H.B
942 _2udc
_cBK
999 _c13292
_d13292